| 000 | 00558nam a22002177a 4500 | ||
|---|---|---|---|
| 003 | LK-CoMWRAF | ||
| 005 | 20231230105153.0 | ||
| 008 | 231020b |||||||| |||| 00| 0 eng d | ||
| 040 |
_aLK-CoMWRAF _dLK-CoMWRAF _eLK-CoMWRAF |
||
| 041 | _aeng | ||
| 082 |
_a823 _bTHO |
||
| 100 | _aThorold, Dinny | ||
| 110 | _aDickens, Charles | ||
| 245 | _aHard times | ||
| 260 |
_aLeipzig : _bBernhard Tauchnitz, _c1954 |
||
| 300 | _aviii, 376p. | ||
| 650 | _aEnglish Fiction | ||
| 700 |
_aWalker, F _eills. |
||
| 700 |
_aGreiffenhagen, Maurice _eills. |
||
| 942 | _cBK | ||
| 999 |
_c3957 _d3957 |
||